| 000 | 00762nam a22002057a 4500 | ||
|---|---|---|---|
| 999 |
_c11199 _d11199 |
||
| 003 | AR-CdUCM | ||
| 008 | 190403b ||||| |||| 00| 0 spa d | ||
| 040 |
_aMUNICIPALIDAD PROVINCIAL DEL CUSCO _cBIBLIOTECA MUNICIPAL DEL CUSCO |
||
| 082 |
_a375.3 / _bT78 / 1948 |
||
| 100 |
_aTramontin, José A. _928436 |
||
| 245 |
_aAsistencia al escolar : _baspectos médicos - sociales / |
||
| 260 |
_aBuenos Aires : _bEl ateneo, _c1948. |
||
| 300 |
_a170 páginas ; _c23 cm. |
||
| 505 | _aContenido: La salud infantil -- La higiene en la historia -- Higiene social e higiene escolar -- La labor del medico escolar ... | ||
| 650 |
_aSalud infantil _928437 |
||
| 650 |
_aEducación escolar _99399 |
||
| 650 |
_aMedico escolar _928438 |
||
| 942 |
_2ddc _cLIBROS |
||
| 945 | _aacv | ||